[Event "Niort op-B"]
[Site "Niort"]
[Date "2002.09.29"]
[Round "5"]
[White "Lutovac, S."]
[Black "Lennon, Jean"]
[Result "0-1"]
[WhiteElo "1610"]
[BlackElo "1690"]
[PlyCount "87"]
[EventDate "2002.09.28"]
[EventType "swiss"]
[EventRounds "6"]
[EventCountry "FRA"]
[SourceTitle "EXT 2004"]
[Source "ChessBase"]
[SourceDate "2003.11.25"]
[SourceVersion "1"]
[SourceVersionDate "2003.11.25"]
[SourceQuality "1"]

1. c4 Nf6 2. Nc3 e6 3. g3 c6 4. Bg2 e5 5. d3 Be7 6. Nf3 d6 7. 0-0 0-0 8. a3 Nbd7 9. b4 Ne8 10. d4 f6 11. d5 c5 12. b5 Nb6 13. Qd3 f5 14. e4 fxe4 15. Nxe4 Bf5 16. Qe2 Bxe4 17. Qxe4 Nf6 18. Qe2 Ne8 19. Qe4 Na4 20. Bd2 Qd7 21. h4 Qf5 22. Qxf5 Rxf5 23. Ng5 Rf6 24. Be4 g6 25. Kg2 Ng7 26. Rh1 Raf8 27. f3 h6 28. Nh3 Nf5 29. Nf2 h5 30. Nh3 R6f7 31. Ng5 Bxg5 32. Bxg5 Kg7 33. Raf1 Nb6 34. Bd3 Nd4 35. f4 e4 36. Bxe4 Nxc4 37. Bd3 Ne3+ 38. Kh2 Nxf1+ 39. Rxf1 Re8 40. Kh3 Re3 41. Bb1 Rxa3 42. Re1 Rb3 43. Bd8 Rxb5 44. Bc7 0-1